[Event "YUG-ch"]
[Site "Yugoslavia"]
[Date "1988.??.??"]
[Round "?"]
[White "Cebalo, Miso"]
[Black "Velimirovic, Dragoljub"]
[Result "1-0"]
[WhiteElo "2515"]
[BlackElo "2550"]
[PlyCount "131"]
[EventDate "1988.02.??"]
[EventType "tourn"]
[EventRounds "17"]
[EventCountry "YUG"]
[EventCategory "8"]
[Source "ChessBase"]
[SourceDate "1996.11.15"]
[WhiteTeamCountry "YUG"]
[BlackTeamCountry "AUT"]

1. d4 Nf6 2. Nf3 c5 3. d5 g6 4. Nc3 Bg7 5. e4 O-O 6. h3 d6 7. Be2 b5 8. Qd3 b4
9. Nd1 Ba6 10. Qe3 Bxe2 11. Qxe2 Re8 12. Bg5 h6 13. Bh4 Nbd7 14. O-O Qc7 15.
Nd2 e6 16. Bxf6 Nxf6 17. Qd3 exd5 18. exd5 Re5 19. Ne3 Rae8 20. a3 Nh5 21. axb4
cxb4 22. Ra6 Qe7 23. Ndc4 Rg5 24. Qd1 Nf4 25. Qf3 Qe4 26. Qxe4 Rxe4 27. Rxd6
Nxh3+ 28. Kh2 Nf4 29. Rd8+ Kh7 30. Nd2 Ree5 31. Ra1 Rh5+ 32. Kg1 Ne2+ 33. Kf1
Nd4 34. Kg1 Ne2+ 35. Kf1 Nf4 36. Nf3 Re7 37. d6 Rb7 38. Rd1 Bf6 39. Rc8 Rd7 40.
b3 Kg7 41. Nc4 Rd5 42. Rxd5 Nxd5 43. Nfd2 Nb6 44. Rc6 Bd4 45. Nf3 Bc3 46. Nfe5
Rd8 47. Rc7 Nxc4 48. Nxc4 Bd4 49. Ke2 Kf6 50. f4 Ke6 51. g4 f5 52. Kf3 Rd7 53.
Rc8 Bf6 54. Re8+ Kf7 55. Rb8 fxg4+ 56. Kxg4 h5+ 57. Kf3 Bc3 58. Ne5+ Bxe5 59.
fxe5 Ke6 60. Ke4 Rh7 61. Rg8 h4 62. Rxg6+ Kf7 63. Rf6+ Ke8 64. e6 h3 65. d7+
Ke7 66. Rf7+ 1-0

[Event "YUG-ch"]
[Site "Yugoslavia"]
[Date "1988.??.??"]
[Round "?"]
[White "Cvitan, Ognjen"]
[Black "Velimirovic, Dragoljub"]
[Result "1-0"]
[WhiteElo "2520"]
[BlackElo "2550"]
[PlyCount "107"]
[EventDate "1988.02.??"]
[EventType "tourn"]
[EventRounds "17"]
[EventCountry "YUG"]
[EventCategory "8"]
[Source "ChessBase"]
[SourceDate "1996.11.15"]
[WhiteTeamCountry "YUG"]
[BlackTeamCountry "AUT"]

1. d4 Nf6 2. Nf3 g6 3. c4 d6 4. Nc3 Bg7 5. e4 c5 6. Be2 O-O 7. O-O Nc6 8. d5
Na5 9. Bg5 h6 10. Bh4 e5 11. Nd2 b6 12. a3 Qc7 13. b4 Nb7 14. Nb3 Ne8 15. Rc1
f5 16. exf5 Bxf5 17. Bd3 Qf7 18. Qe2 g5 19. Bg3 Bxd3 20. Qxd3 Nf6 21. bxc5 bxc5
22. Nd2 Nh5 23. Rb1 Nf4 24. Qe3 Qd7 25. Nce4 Nd8 26. Rb3 Rc8 27. Rfb1 Nf7 28.
h3 Rc7 29. Qf3 Qf5 30. Qg4 Qg6 31. Bxf4 exf4 32. Rb7 Rfc8 33. h4 Ne5 34. Qe6+
Qxe6 35. dxe6 Rxb7 36. Rxb7 Re8 37. e7 Ng6 38. hxg5 Rxe7 39. Rxe7 Nxe7 40. gxh6
Be5 41. Nf3 Nc6 42. Nxe5 dxe5 43. Kf1 Na5 44. Nd6 Kh7 45. Ke2 Kxh6 46. Kd3 Kg6
47. Ke4 Kf6 48. Kd5 Nb3 49. Ne4+ Kf5 50. Nxc5 Nd4 51. Ne4 f3 52. gxf3 Nxf3 53.
c5 Nd4 54. c6 1-0

[Event "YUG-ch"]
[Site "Yugoslavia"]
[Date "1988.??.??"]
[Round "?"]
[White "Matulovic, Milan"]
[Black "Velimirovic, Dragoljub"]
[Result "0-1"]
[WhiteElo "2435"]
[BlackElo "2550"]
[PlyCount "90"]
[EventDate "1988.02.??"]
[EventType "tourn"]
[EventRounds "17"]
[EventCountry "YUG"]
[EventCategory "8"]
[Source "ChessBase"]
[SourceDate "1996.11.15"]
[WhiteTeamCountry "YUG"]
[BlackTeamCountry "AUT"]

1. e4 c5 2. Nf3 d6 3. d4 cxd4 4. Nxd4 Nf6 5. Nc3 g6 6. g3 Nc6 7. Nde2 h5 8. h3
Bd7 9. Bg2 Qc8 10. b3 Bg7 11. Bb2 O-O 12. Qd2 a5 13. O-O-O a4 14. Nd5 axb3 15.
axb3 Ra2 16. Bxf6 exf6 17. Nec3 Ra1+ 18. Kb2 Rxd1 19. Qxd1 f5 20. Kb1 Qa8 21.
exf5 Bxf5 22. g4 Qa3 23. Qc1 Qxb3+ 24. Qb2 Qxb2+ 25. Kxb2 Be6 26. Kb1 Ra8 27.
Kc1 hxg4 28. hxg4 Bxg4 29. Ne4 Be6 30. Nc7 Ra2 31. Nxe6 fxe6 32. Rh3 Be5 33.
Rb3 d5 34. Nc5 Nd4 35. Nxe6 Nxb3+ 36. cxb3 d4 37. Bd5 Kh7 38. Be4 Rxf2 39. Bxb7
d3 40. Be4 d2+ 41. Kc2 Kh6 42. Nc5 Bf4 43. Bd3 Rg2 44. b4 Rg1 45. Be2 Rc1+ 0-1

[Event "YUG-ch"]
[Site "Yugoslavia"]
[Date "1988.??.??"]
[Round "?"]
[White "Mukic, Josko"]
[Black "Velimirovic, Dragoljub"]
[Result "1-0"]
[WhiteElo "2420"]
[BlackElo "2550"]
[PlyCount "107"]
[EventDate "1988.02.??"]
[EventType "tourn"]
[EventRounds "17"]
[EventCountry "YUG"]
[EventCategory "8"]
[Source "ChessBase"]
[SourceDate "1996.11.15"]
[WhiteTeamCountry "YUG"]
[BlackTeamCountry "AUT"]

1. d4 Nf6 2. c4 c5 3. d5 g6 4. Nc3 Bg7 5. e4 O-O 6. f4 d6 7. Nf3 e6 8. Be2 exd5
9. exd5 Ne8 10. O-O f5 11. Bd2 Na6 12. a3 Nf6 13. Bd3 Nc7 14. Qc2 Re8 15. Rae1
Bd7 16. b4 b6 17. h3 Rxe1 18. Rxe1 Qf8 19. bxc5 bxc5 20. Rb1 Rb8 21. a4 Na6 22.
Nb5 Rb7 23. Ng5 Nb4 24. Bxb4 cxb4 25. a5 a6 26. Nd4 Qc8 27. Nde6 h6 28. Nxg7
Kxg7 29. Nf3 Qc5+ 30. Kh1 Rb8 31. Qb2 Qxa5 32. Ne5 Be8 33. g4 Qa3 34. Qd4 dxe5
35. fxe5 Ne4 36. Qa7+ Bf7 37. Bxe4 Qxh3+ 38. Kg1 Qg3+ 39. Bg2 Qxe5 40. gxf5
gxf5 41. Rd1 Rg8 42. d6 b3 43. d7 b2 44. Qb6 Qf6 45. Qb7 Qc3 46. Qb6 Qf6 47.
Qb7 a5 48. c5 Qe5 49. c6 Qe2 50. Rf1 Qd2 51. Qb6 a4 52. Qf2 Qxf2+ 53. Kxf2 Be6
54. Bd5 1-0

[Event "YUG-ch"]
[Site "Yugoslavia"]
[Date "1988.??.??"]
[Round "?"]
[White "Nikolic, Zivoslav"]
[Black "Velimirovic, Dragoljub"]
[Result "0-1"]
[WhiteElo "2440"]
[BlackElo "2550"]
[PlyCount "46"]
[EventDate "1988.02.??"]
[EventType "tourn"]
[EventRounds "17"]
[EventCountry "YUG"]
[EventCategory "8"]
[Source "ChessBase"]
[SourceDate "1996.11.15"]
[WhiteTeamCountry "YUG"]
[BlackTeamCountry "AUT"]

1. Nf3 Nf6 2. b3 g6 3. Bb2 Bg7 4. e3 O-O 5. c4 c5 6. Be2 Nc6 7. O-O d6 8. d4 a6
9. Nc3 Bf5 10. d5 Na7 11. a4 b6 12. Bd3 Bd7 13. Ra2 Rb8 14. e4 Qc7 15. Qa1 e5
16. dxe6 fxe6 17. e5 Ng4 18. exd6 Qxd6 19. Ne4 Qxd3 20. Rd1 Qxe4 21. Rxd7 e5
22. Rxa7 Rbd8 23. Bc3 Rxf3 0-1

[Event "YUG-ch"]
[Site "Yugoslavia"]
[Date "1988.??.??"]
[Round "?"]
[White "Osterman, Rudolf"]
[Black "Velimirovic, Dragoljub"]
[Result "0-1"]
[WhiteElo "2295"]
[BlackElo "2550"]
[PlyCount "70"]
[EventDate "1988.02.??"]
[EventType "tourn"]
[EventRounds "17"]
[EventCountry "YUG"]
[EventCategory "8"]
[Source "ChessBase"]
[SourceDate "1996.11.15"]
[WhiteTeamCountry "YUG"]
[BlackTeamCountry "AUT"]

1. c4 c5 2. Nc3 g6 3. g3 Bg7 4. Bg2 Nc6 5. a3 a6 6. Rb1 Rb8 7. b4 cxb4 8. axb4
b5 9. cxb5 axb5 10. e4 e5 11. Nge2 h5 12. h4 d6 13. d3 Bg4 14. Bg5 Qd7 15. f3
Be6 16. Nd5 Nce7 17. Nec3 Bxd5 18. Nxd5 Nxd5 19. exd5 Ne7 20. Bxe7 Qxe7 21. O-O
O-O 22. Qd2 Ra8 23. Kh1 f5 24. f4 exf4 25. Rbe1 Be5 26. d4 fxg3 27. Qf4 Bxf4
28. Rxe7 Bd2 29. Re6 Kg7 30. Rxd6 Bxb4 31. Rc6 Rf6 32. d6 Rd8 33. Rb1 Bxd6 34.
Rxb5 Ra8 35. Rcb6 Ra4 0-1

[Event "YUG-ch"]
[Site "Yugoslavia"]
[Date "1988.??.??"]
[Round "?"]
[White "Podlesnik, Bogdan"]
[Black "Velimirovic, Dragoljub"]
[Result "0-1"]
[WhiteElo "2345"]
[BlackElo "2550"]
[PlyCount "70"]
[EventDate "1988.02.??"]
[EventType "tourn"]
[EventRounds "17"]
[EventCountry "YUG"]
[EventCategory "8"]
[Source "ChessBase"]
[SourceDate "1996.11.15"]
[WhiteTeamCountry "YUG"]
[BlackTeamCountry "AUT"]

1. e4 c5 2. Nf3 Nc6 3. d4 cxd4 4. Nxd4 g6 5. Nc3 Bg7 6. Be3 Nf6 7. f4 d6 8. Be2
O-O 9. O-O Qb6 10. Qd3 Bg4 11. Ne6 Qxb2 12. Rab1 Bxe2 13. Nxe2 Qxa2 14. Nxf8
Rxf8 15. Rxb7 Qe6 16. Nd4 Nxd4 17. Bxd4 Nxe4 18. Bxg7 Kxg7 19. Re1 f5 20. Qc3+
Kf7 21. Qh3 h5 22. Rxa7 Rc8 23. Qd3 Qf6 24. Qd5+ Kg7 25. Rxe4 fxe4 26. Qxe4 Kf7
27. h3 Qe6 28. Qd3 Rc4 29. f5 gxf5 30. Qf3 Qe1+ 31. Kh2 Qe5+ 32. Kh1 f4 33. Qb3
d5 34. Rd7 h4 35. Rb7 Rd4 0-1

[Event "YUG-ch"]
[Site "Yugoslavia"]
[Date "1988.??.??"]
[Round "?"]
[White "Velimirovic, Dragoljub"]
[Black "Djuric, Stefan"]
[Result "1-0"]
[WhiteElo "2550"]
[BlackElo "2475"]
[PlyCount "105"]
[EventDate "1988.02.??"]
[EventType "tourn"]
[EventRounds "17"]
[EventCountry "YUG"]
[EventCategory "8"]
[Source "ChessBase"]
[SourceDate "1996.11.15"]
[WhiteTeamCountry "YUG"]
[BlackTeamCountry "AUT"]

1. e4 c6 2. d4 g6 3. Nc3 d5 4. h3 Bg7 5. Nf3 dxe4 6. Nxe4 Nd7 7. Bd3 Ngf6 8.
Nxf6+ Nxf6 9. O-O O-O 10. c4 c5 11. dxc5 Nd7 12. Be3 Bxb2 13. Rb1 Bg7 14. Be4
Qc7 15. c6 bxc6 16. Qa4 Nb8 17. Rfd1 f5 18. Bc2 c5 19. Rb5 Nd7 20. Qa5 Qc6 21.
Rbb1 f4 22. Ba4 Qa6 23. Qxa6 Bxa6 24. Bxd7 fxe3 25. Be6+ Kh8 26. fxe3 Bh6 27.
Rd3 Rad8 28. Rbb3 Kg7 29. e4 Kf6 30. Rxd8 Rxd8 31. Ra3 Bb7 32. Bd5 Bxd5 33.
exd5 Bf4 34. Ra6+ Bd6 35. Kf2 Rb8 36. Ke3 Rb2 37. Nd2 g5 38. g4 Kf7 39. Ne4
Bf4+ 40. Kd3 Rh2 41. Rxa7 Rxh3+ 42. Kc2 Rh2+ 43. Kb3 Rh3+ 44. Ka4 Re3 45. Nxc5
h5 46. gxh5 g4 47. Ne6 Bh6 48. Ra6 Kg8 49. Nd4 e6 50. Rxe6 Rxe6 51. dxe6 g3 52.
Ne2 g2 53. c5 1-0

[Event "YUG-ch"]
[Site "Yugoslavia"]
[Date "1988.??.??"]
[Round "?"]
[White "Velimirovic, Dragoljub"]
[Black "Drasko, Milan"]
[Result "0-1"]
[WhiteElo "2550"]
[BlackElo "2465"]
[PlyCount "73"]
[EventDate "1988.02.??"]
[EventType "tourn"]
[EventRounds "17"]
[EventCountry "YUG"]
[EventCategory "8"]
[Source "ChessBase"]
[SourceDate "1996.11.15"]
[WhiteTeamCountry "YUG"]
[BlackTeamCountry "AUT"]

1. e4 e6 2. d4 d5 3. Nc3 Bb4 4. e5 c5 5. a3 Bxc3+ 6. bxc3 Ne7 7. Qg4 O-O 8. Nf3
f5 9. Qh3 b6 10. Rg1 Qd7 11. a4 Ba6 12. Bb5 Bxb5 13. axb5 a5 14. Ba3 Qc8 15. g4
Ra7 16. Kd2 Rc7 17. dxc5 bxc5 18. Rab1 Rb7 19. gxf5 Nxf5 20. Rg4 h6 21. Rbg1
Nd7 22. Kd1 Rxb5 23. Rxg7+ Nxg7 24. Qxh6 Rf7 25. Ng5 Qe8 26. Bc1 Rb1 27. f4 Rb6
28. f5 Rxf5 29. Qh7+ Kf8 30. Nf3 Qf7 31. Rxg7 Qxg7 32. Bh6 Qxh6 33. Qxh6+ Ke7
34. Nh4 Rf2 35. Kc1 Rf1+ 36. Kd2 a4 37. Ng6+ 0-1

[Event "YUG-ch"]
[Site "Yugoslavia"]
[Date "1988.??.??"]
[Round "?"]
[White "Velimirovic, Dragoljub"]
[Black "Lalic, Bogdan"]
[Result "1/2-1/2"]
[WhiteElo "2550"]
[BlackElo "2495"]
[PlyCount "39"]
[EventDate "1988.02.??"]
[EventType "tourn"]
[EventRounds "17"]
[EventCountry "YUG"]
[EventCategory "8"]
[Source "ChessBase"]
[SourceDate "1996.11.15"]
[WhiteTeamCountry "YUG"]
[BlackTeamCountry "AUT"]

1. e4 e6 2. d4 d5 3. Nc3 Bb4 4. e5 Ne7 5. a3 Bxc3+ 6. bxc3 c5 7. Qg4 Qc7 8.
Qxg7 Rg8 9. Qxh7 cxd4 10. Ne2 Nbc6 11. f4 dxc3 12. Qd3 d4 13. Nxd4 Nxd4 14.
Qxd4 Bd7 15. Qf2 Qc6 16. Qf3 Qa4 17. Qxc3 Rc8 18. Qd3 Rxc2 19. Bd2 a6 20. Rc1
1/2-1/2

[Event "YUG-ch"]
[Site "Yugoslavia"]
[Date "1988.??.??"]
[Round "?"]
[White "Velimirovic, Dragoljub"]
[Black "Maksimovic, Branimir"]
[Result "1-0"]
[WhiteElo "2550"]
[BlackElo "2400"]
[PlyCount "67"]
[EventDate "1988.02.??"]
[EventType "tourn"]
[EventRounds "17"]
[EventCountry "YUG"]
[EventCategory "8"]
[Source "ChessBase"]
[SourceDate "1996.11.15"]
[WhiteTeamCountry "YUG"]
[BlackTeamCountry "AUT"]

1. e4 e6 2. d4 d5 3. Nc3 Bb4 4. e5 c5 5. a3 Bxc3+ 6. bxc3 Ne7 7. Qg4 O-O 8. Bd3
f5 9. exf6 Rxf6 10. Bg5 Nd7 11. Bxf6 Nxf6 12. Qd1 Qa5 13. Nf3 Qxc3+ 14. Kf1 Nc6
15. Qe1 Qb2 16. dxc5 e5 17. Rb1 Qa2 18. Qc1 d4 19. Nd2 Qf7 20. Qb2 Na5 21. Qb5
b6 22. cxb6 Ng4 23. Nf3 axb6 24. Qxb6 Bb7 25. h3 Nf6 26. Nxe5 Qe7 27. Rb5 Nd5
28. Qxd4 Rd8 29. Rxa5 Qg5 30. Kg1 Qxg2+ 31. Kxg2 Nf4+ 32. Kh2 Rxd4 33. Rb1 Nxd3
34. Rxb7 1-0

[Event "YUG-ch"]
[Site "Yugoslavia"]
[Date "1988.??.??"]
[Round "?"]
[White "Velimirovic, Dragoljub"]
[Black "Sokolov, Ivan"]
[Result "1/2-1/2"]
[WhiteElo "2550"]
[BlackElo "2545"]
[PlyCount "28"]
[EventDate "1988.02.??"]
[EventType "tourn"]
[EventRounds "17"]
[EventCountry "YUG"]
[EventCategory "8"]
[Source "ChessBase"]
[SourceDate "1996.11.15"]
[WhiteTeamCountry "YUG"]
[BlackTeamCountry "AUT"]

1. e4 e6 2. d4 d5 3. exd5 exd5 4. Bd3 Bd6 5. Nc3 c6 6. Qh5 Nf6 7. Qh4 Nbd7 8.
Bg5 h6 9. Nf3 Be7 10. O-O Nf8 11. Rfe1 Ne6 12. Bxf6 Bxf6 13. Qh5 O-O 14. Ne2
Qc7 1/2-1/2

[Event "YUG-ch"]
[Site "Yugoslavia"]
[Date "1988.??.??"]
[Round "?"]
[White "Velimirovic, Dragoljub"]
[Black "Strikovic, Aleksa"]
[Result "1-0"]
[WhiteElo "2550"]
[BlackElo "2450"]
[PlyCount "111"]
[EventDate "1988.02.??"]
[EventType "tourn"]
[EventRounds "17"]
[EventCountry "YUG"]
[EventCategory "8"]
[Source "ChessBase"]
[SourceDate "1996.11.15"]
[WhiteTeamCountry "YUG"]
[BlackTeamCountry "AUT"]

1. e4 c5 2. Nf3 e6 3. d4 cxd4 4. Nxd4 a6 5. Nc3 Qc7 6. Bd3 Nf6 7. O-O Nc6 8.
Nxc6 bxc6 9. Qe2 d5 10. Bg5 Bb7 11. Rae1 Nd7 12. f4 Nc5 13. Kh1 Nxd3 14. cxd3
Bd6 15. Qg4 h6 16. Bh4 g5 17. e5 Be7 18. fxg5 hxg5 19. Bxg5 f5 20. Qf4 O-O-O
21. Bf6 Rh7 22. Qg5 Rdh8 23. h3 c5 24. Ne2 Bxf6 25. Qxf6 Rh6 26. Qg5 Qxe5 27.
Nf4 Qd6 28. Qg7 d4 29. Kh2 Bd5 30. Qe5 Kd7 31. Nxd5 Qxe5+ 32. Rxe5 Kd6 33. Ree1
exd5 34. Rxf5 Re6 35. Rxe6+ Kxe6 36. Rf2 c4 37. dxc4 dxc4 38. g4 d3 39. Kg3 Rb8
40. Kf3 Kd5 41. Ke3 Rh8 42. Rh2 Re8+ 43. Kd2 Kd4 44. Rf2 Rb8 45. Rf4+ Ke5 46.
Rxc4 Rxb2+ 47. Kxd3 Rxa2 48. Rc5+ Kf6 49. h4 Rg2 50. g5+ Kg6 51. Rc6+ Kh5 52.
Rh6+ Kg4 53. g6 Kf5 54. h5 a5 55. Rh8 Kf6 56. h6 1-0

[Event "YUG-ch"]
[Site "Yugoslavia"]
[Date "1988.??.??"]
[Round "?"]
[White "Velimirovic, Dragoljub"]
[Black "Todorovic, Goran M"]
[Result "1-0"]
[WhiteElo "2550"]
[BlackElo "2425"]
[PlyCount "73"]
[EventDate "1988.02.??"]
[EventType "tourn"]
[EventRounds "17"]
[EventCountry "YUG"]
[EventCategory "8"]
[Source "ChessBase"]
[SourceDate "1996.11.15"]
[WhiteTeamCountry "YUG"]
[BlackTeamCountry "AUT"]

1. e4 e5 2. d4 exd4 3. Qxd4 Nc6 4. Qa4 Bb4+ 5. Bd2 Qe7 6. Nc3 Nf6 7. O-O-O O-O
8. Nd5 Nxd5 9. exd5 Qe4 10. Bc3 b5 11. Bxb5 Qxg2 12. Bxc6 dxc6 13. Bxb4 Re8 14.
Ne2 Rxe2 15. Qxc6 Qg6 16. Qxg6 hxg6 17. Rd2 Ba6 18. Rxe2 Bxe2 19. Re1 Bc4 20.
Rd1 a5 21. b3 axb4 22. bxc4 Rxa2 23. Rd3 Ra1+ 24. Kb2 Rf1 25. c5 Kf8 26. d6
cxd6 27. Rxd6 Ke7 28. Rd2 Rh1 29. Kb3 Rxh2 30. Kxb4 g5 31. c6 Rh8 32. Kc5 f5
33. c7 g4 34. Kc6 f4 35. Rd4 g5 36. Rd7+ Kf6 37. Rd8 1-0

[Event "YUG-ch"]
[Site "Yugoslavia"]
[Date "1988.??.??"]
[Round "?"]
[White "Velimirovic, Dragoljub"]
[Black "Velickovic, Sasa"]
[Result "1-0"]
[WhiteElo "2550"]
[BlackElo "2425"]
[PlyCount "77"]
[EventDate "1988.02.??"]
[EventType "tourn"]
[EventRounds "17"]
[EventCountry "YUG"]
[EventCategory "8"]
[Source "ChessBase"]
[SourceDate "1996.11.15"]
[WhiteTeamCountry "YUG"]
[BlackTeamCountry "AUT"]

1. e4 c5 2. Nf3 e6 3. d4 cxd4 4. Nxd4 Nf6 5. Nc3 d6 6. Be3 Be7 7. f4 O-O 8. Be2
Nc6 9. Qd2 e5 10. Nf3 exf4 11. Bxf4 Be6 12. O-O d5 13. exd5 Nxd5 14. Nxd5 Qxd5
15. Qxd5 Bxd5 16. Rad1 Rad8 17. c4 Be4 18. Bc7 Bc5+ 19. Kh1 Rxd1 20. Rxd1 Re8
21. Bf1 h6 22. a3 Re7 23. Bg3 a5 24. Be1 a4 25. Bc3 f5 26. Nd2 Rd7 27. Be2 Bc2
28. Rc1 Bd3 29. Bd1 Bd4 30. Bxa4 Bxc3 31. Rxc3 Be2 32. Nf3 Bd1 33. Bxc6 bxc6
34. Kg1 Bxf3 35. Rxf3 Rd1+ 36. Rf1 Rd2 37. b4 g6 38. Rb1 Ra2 39. Rb3 1-0

[Event "Metz op 06th"]
[Site "Metz"]
[Date "1988.??.??"]
[Round "?"]
[White "Hector, Jonny"]
[Black "Velimirovic, Dragoljub"]
[Result "0-1"]
[WhiteElo "2435"]
[BlackElo "2540"]
[PlyCount "84"]
[EventDate "1988.03.??"]
[EventType "swiss"]
[EventRounds "9"]
[EventCountry "FRA"]
[Source "ChessBase"]
[SourceDate "2003.11.25"]
[WhiteTeamCountry "YUG"]
[BlackTeamCountry "AUT"]

1. e4 c5 2. Nf3 Nc6 3. d4 cxd4 4. Nxd4 g6 5. Nc3 Bg7 6. Be3 Nf6 7. Bc4 O-O 8.
Bb3 d6 9. h3 Na5 10. O-O a6 11. Re1 b5 12. Bg5 Nxb3 13. axb3 Bb7 14. Qd3 Re8
15. Ra2 Qb6 16. Nde2 e6 17. Rd1 b4 18. Qf3 Nd7 19. Na4 Qc6 20. c4 Nc5 21. Ng3
f5 22. exf5 Qxf3 23. gxf3 exf5 24. Rxd6 Re1+ 25. Kg2 Nxb3 26. Nb6 Rae8 27. Nd5
a5 28. h4 Be5 29. Rd7 Bxd5 30. cxd5 Rb1 31. d6 Rd1 32. Be7 Rd5 33. Nf1 f4 34.
h5 gxh5 35. Kh3 Kf7 36. Ra7 Ke6 37. Nh2 Bxd6 38. Bxd6 Kxd6 39. Rxh7 Re2 40.
Rh6+ Kc5 41. Kg2 Rg5+ 42. Kf1 Re8 0-1

[Event "Metz op 06th"]
[Site "Metz"]
[Date "1988.??.??"]
[Round "?"]
[White "Velimirovic, Dragoljub"]
[Black "Bellon Lopez, Juan Manuel"]
[Result "1-0"]
[WhiteElo "2540"]
[BlackElo "2450"]
[PlyCount "65"]
[EventDate "1988.03.??"]
[EventType "swiss"]
[EventRounds "9"]
[EventCountry "FRA"]
[Source "ChessBase"]
[SourceDate "2003.11.25"]
[WhiteTeamCountry "YUG"]
[BlackTeamCountry "AUT"]

1. e4 d5 2. d4 dxe4 3. Nc3 Nf6 4. f3 exf3 5. Nxf3 Bg4 6. h3 Bxf3 7. Qxf3 c6 8.
Bf4 e6 9. O-O-O Bb4 10. Bd2 Nbd7 11. Bd3 Nb6 12. Qg3 Qe7 13. Rhf1 Rg8 14. Rxf6
Bxc3 15. Bxc3 Qxf6 16. d5 Qe7 17. d6 Qd7 18. Bxh7 O-O-O 19. Bxg8 Rxg8 20. Bd4
Kb8 21. h4 Nd5 22. h5 g5 23. Kb1 f6 24. c4 Qh7+ 25. Kc1 Nf4 26. Qe3 b6 27. Bxf6
Qf5 28. Be7 e5 29. d7 Ne6 30. Qf3 Qxf3 31. gxf3 Kc7 32. d8=Q+ Nxd8 33. Bxd8+
1-0

[Event "Metz op 06th"]
[Site "Metz"]
[Date "1988.??.??"]
[Round "?"]
[White "Velimirovic, Dragoljub"]
[Black "Gutman, Lev"]
[Result "1-0"]
[WhiteElo "2540"]
[BlackElo "2465"]
[PlyCount "159"]
[EventDate "1988.03.??"]
[EventType "swiss"]
[EventRounds "9"]
[EventCountry "FRA"]
[Source "ChessBase"]
[SourceDate "2003.11.25"]
[WhiteTeamCountry "YUG"]
[BlackTeamCountry "AUT"]

1. e4 c5 2. Nf3 d6 3. d4 cxd4 4. Nxd4 Nf6 5. Nc3 a6 6. Bc4 e6 7. Bb3 b5 8. Be3
Bb7 9. f4 Nbd7 10. O-O Rc8 11. Qe2 b4 12. Na4 Qa5 13. a3 bxa3 14. Rxa3 Qh5 15.
Qxh5 Nxh5 16. f5 e5 17. Ne6 fxe6 18. fxe6 Ndf6 19. Nb6 Rc7 20. Nd5 Nxd5 21.
exd5 Nf6 22. c4 Be7 23. Ba4+ Kf8 24. Rb3 Kg8 25. Ba7 Bf8 26. Bb8 Rxc4 27. Rxb7
Rxa4 28. e7 Bxe7 29. Rxe7 h6 30. Bxd6 Nxd5 31. Ra7 Ne3 32. Rf3 Ng4 33. h3 Ra1+
34. Rf1 Rxf1+ 35. Kxf1 Ne3+ 36. Ke2 Nc4 37. Bc7 Nxb2 38. Bxe5 Nc4 39. Bd4 Rh7
40. Ra8+ Kf7 41. Rxa6 Rh8 42. Kd3 Rc8 43. Ra7+ Ke6 44. Rxg7 Ne5+ 45. Ke4 Nf7
46. Rg6+ Ke7 47. Be3 Nd6+ 48. Kd5 Nf5 49. Bxh6 Kf7 50. Ra6 Rc2 51. g4 Ne7+ 52.
Ke4 Ng6 53. Bg5 Rc4+ 54. Kd5 Rb4 55. Ra7+ Kg8 56. Bh6 Nh4 57. Rg7+ Kh8 58. Re7
Rb3 59. Be3 Kg8 60. Ke4 Kf8 61. Rd7 Kg8 62. Rd3 Rb4+ 63. Bd4 Ng2 64. Rd2 Nh4
65. Rb2 Ra4 66. Rb6 Kh7 67. g5 Kg8 68. Rf6 Rb4 69. Rf4 Ng6 70. Rf5 Ra4 71. Rf6
Nh4 72. Rb6 Kf7 73. g6+ Nxg6 74. Rf6+ Kg7 75. Ra6+ Rxd4+ 76. Kxd4 Kh6 77. Ke4
Kh5 78. Ra5+ Kh4 79. Kf5 Ne7+ 80. Kf6 1-0

[Event "Metz op 06th"]
[Site "Metz"]
[Date "1988.??.??"]
[Round "?"]
[White "Velimirovic, Dragoljub"]
[Black "Hebden, Mark"]
[Result "1-0"]
[WhiteElo "2540"]
[BlackElo "2460"]
[PlyCount "103"]
[EventDate "1988.03.??"]
[EventType "swiss"]
[EventRounds "9"]
[EventCountry "FRA"]
[Source "ChessBase"]
[SourceDate "2003.11.25"]
[WhiteTeamCountry "YUG"]
[BlackTeamCountry "AUT"]

1. e4 e5 2. Nf3 Nc6 3. d4 exd4 4. c3 Nf6 5. e5 Ne4 6. Qe2 f5 7. exf6 d5 8. Nbd2
Qxf6 9. Nxe4 dxe4 10. Qxe4+ Qe6 11. Bd3 dxc3 12. O-O Qxe4 13. Bxe4 Bd7 14. Bxc6
Bxc6 15. Re1+ Kd8 16. Ne5 Be8 17. bxc3 b6 18. Bf4 Kc8 19. Nf3 Kb7 20. Nd4 Bd7
21. Rad1 Ba4 22. Rd3 Bc5 23. Ne6 Rae8 24. Nxc5+ bxc5 25. Rde3 Rxe3 26. Rxe3 Re8
27. Be5 g6 28. f4 Rd8 29. g4 Bc2 30. Kf2 Kc6 31. Kg3 Rd2 32. h3 a5 33. Kh4 Bb1
34. a3 c4 35. Kg5 Ra2 36. f5 gxf5 37. gxf5 h6+ 38. Kg4 h5+ 39. Kg5 Rg2+ 40. Rg3
Rf2 41. Bf4 Be4 42. f6 Bd5 43. Re3 Rg2+ 44. Kxh5 Bf7+ 45. Kh4 Rd2 46. Re7 Rd7
47. Kg5 Rxe7 48. fxe7 Kd7 49. Kf6 Ke8 50. a4 Bh5 51. Bxc7 Bd1 52. h4 1-0

[Event "Metz op 06th"]
[Site "Metz"]
[Date "1988.??.??"]
[Round "?"]
[White "Velimirovic, Dragoljub"]
[Black "Langeweg, Kristian"]
[Result "1-0"]
[WhiteElo "2540"]
[BlackElo "2360"]
[PlyCount "83"]
[EventDate "1988.03.??"]
[EventType "swiss"]
[EventRounds "9"]
[EventCountry "FRA"]
[Source "ChessBase"]
[SourceDate "2003.11.25"]
[WhiteTeamCountry "YUG"]
[BlackTeamCountry "AUT"]

1. e4 e5 2. Nf3 Nc6 3. Bb5 a6 4. Ba4 d6 5. d4 b5 6. Bb3 Nxd4 7. Nxd4 exd4 8. c3
Bb7 9. cxd4 Bxe4 10. O-O Be7 11. Nc3 Bb7 12. Qh5 g6 13. Qe2 Kf8 14. Nd5 Kg7 15.
Bd2 Qd7 16. Rac1 Bd8 17. Qe3 h6 18. Bc3 Rc8 19. Qg3 Bxd5 20. Bxd5 c6 21. Bf3 d5
22. Bd2 Bc7 23. Qh4 g5 24. Qh3 Qxh3 25. gxh3 Nf6 26. Rc2 Bb6 27. Be3 Rhe8 28.
Rfc1 Re6 29. a4 b4 30. b3 a5 31. Be2 Ne4 32. Bg4 Nc3 33. Kf1 f5 34. Bxf5 Rxe3
35. fxe3 Rf8 36. Rf2 Re8 37. Re1 Re7 38. Bd3 Bc7 39. Kg2 Bb6 40. Kf1 Bc7 41.
Kg2 Bb6 42. Ref1 1-0

[Event "Stara Pazova"]
[Site "Stara Pazova"]
[Date "1988.??.??"]
[Round "1"]
[White "Velimirovic, Dragoljub"]
[Black "Popovic, Petar"]
[Result "0-1"]
[WhiteElo "2540"]
[BlackElo "2530"]
[PlyCount "54"]
[EventDate "1988.10.??"]
[EventType "tourn"]
[EventRounds "13"]
[EventCountry "YUG"]
[EventCategory "9"]
[Source "ChessBase"]
[SourceDate "1996.11.15"]
[WhiteTeamCountry "YUG"]
[BlackTeamCountry "AUT"]

1. e4 e6 2. d4 d5 3. Nd2 c5 4. Ngf3 cxd4 5. exd5 Qxd5 6. Bc4 Qd6 7. O-O Nf6 8.
Nb3 Nc6 9. Qe2 a6 10. a4 Be7 11. Rd1 e5 12. h3 O-O 13. c3 Be6 14. cxd4 Bxc4 15.
Qxc4 Rac8 16. d5 Nd4 17. Qd3 Nc2 18. Nh4 e4 19. Qd2 e3 20. Qd3 exf2+ 21. Kf1
Qb4 22. Bg5 Nxa1 23. Rxa1 Rfd8 24. Nf5 Rxd5 25. Nbd4 Bd8 26. Qe3 Qc4+ 27. Kxf2
Rxf5+ 0-1